000 00424nam a2200205Ia 4500
001 12847
003 GE_BSU
008 181216s||||||||xx |||||||||||||| ||und||
020 _a0747267618
040 _cGE_BSU
080 _a821.111-32
100 _aEvanovich,Janet.
245 _aSeven Up.
260 _aLondon.
260 _bHeadline.
260 _c2001
300 _a373p;18cm.
653 _aSeven Up.
942 _cBK
999 _c46017
_d46017